000 00569nam a2200205 a 4500
005 20221116063447.0
008 060623s2002 es r 000 0 spa d
020 _a8448814169
035 _aUPN01000145453
049 _aI
050 4 _aPZ14.9
_bB4.6
100 1 _aBeck, Ian Archibald,
_d1947-
_933261
245 1 0 _aMi libro de juegos /
_cIan Beck.
260 _aBarcelona, Esp. :
_bBeascoa,
_cc2002.
300 _a[10] p. :
_btodas il. col.
440 0 _aUniverso Mágico
650 4 _aLIBROS INFANTILES
650 2 _aLibros ilustrados
_99170
905 _aInfantil
999 _c117599
_d117599